000 00801nam a22002417a 4500
005 20100802143657.0
010 _aENG-97285
020 _a9788125924005
_c240.00
035 _aEN-80818
037 _bDBAD/PUB
082 _a338.5024658
100 _aDwivedi, D.N
_96000
245 _aEssentials of business economics /
_cby D.N Dwivedi
260 _aNew Delhi
_bVikas Publishing House
_c2009
270 _aA-22,Sector-4,Noida
_bNew Delhi
_e110014
300 _axvi,452p.
_c23 cm(pbk)
500 _aIncludes indexes.
700 _93949
700 _94010
700 _aSharma, M.K
_93968
942 _2ddc
_cEN
_h338.5024658
_mDWI
999 _c38691
_d38691